| 000 | 00945nam a2200265 a 4500 | ||
|---|---|---|---|
| 001 | 000026294 | ||
| 003 | DO-SdBNP | ||
| 005 | 20220518085813.0 | ||
| 008 | 110310s1986 dr c r 000 0 spa d | ||
| 040 |
_aBPMSU _bspa _cBPMSU |
||
| 082 |
_a928.61 _bD353R 1986 _222 |
||
| 100 | 1 |
_aRodríguez y Rodríguez, Alberto, _d1929- |
|
| 245 | 1 | 0 |
_aEn torno a Gastón / _cAlberto Rodríguez y Rodríguez; prólogo José Rafael García Pascal. |
| 260 |
_aSanto Domingo : _bONAP, _c1986. |
||
| 300 |
_a95 p. : _bretrs. ; _c21 cm. |
||
| 490 | 0 |
_aONAP ; _aFeria del libro |
|
| 500 | _aIncluye datos biográficos del autor en las solapas | ||
| 590 | _aInventariado, 2022/VM | ||
| 600 | 1 | 4 |
_aDeligne, Gaston Fernando, _d1861-1913 _vBiografías |
| 650 | 4 |
_2Autores dominicanos _vBiografías. |
|
| 700 | 1 |
_aGarcía Pascal, José Rafael, _eprólogro |
|
| 710 | 2 | _aOficina Nacional de Administración y Personal | |
| 910 | _aVMateo V. | ||
| 942 |
_2ddc _cBK |
||
| 999 |
_c14205 _d14205 |
||